[Event "IECG CP.2006.P.00005 email"]
[Site "IECG email"]
[Date "2006.10.01"]
[Round "?"]
[White "Dumins, Ilja"]
[Black "Vorobjev, Jaroslav"]
[Result "0-1"]
[WhiteElo "1330"]
[BlackElo "2111"]
[PlyCount "42"]
[EventDate "2006.10.01"]
[EventType "tourn (corr)"]
[EventRounds "6"]
[SourceTitle "Corr 2011"]
[Source "ChessBase"]
[SourceDate "2010.08.31"]
[SourceVersion "1"]
[SourceVersionDate "2010.08.31"]
[SourceQuality "1"]

1. e4 e6 2. d4 d5 3. Nc3 Bb4 4. e5 Ne7 5. a3 Bxc3+ 6. bxc3 c5 7. Nf3 Nbc6 8. Be2 Qa5 9. Bd2 0-0 10. 0-0 Bd7 11. c4 Qc7 12. c3 dxc4 13. dxc5 Na5 14. Be3 Nf5 15. Bf4 Bc6 16. Nd4 Rad8 17. Be3 Nxe3 18. fxe3 Qxe5 19. Qc1 Nb3 20. Nxb3 cxb3 21. Bc4 Qe4 0-1

[Event "IECG CP.2006.P.00005 email"]
[Site "IECG email"]
[Date "2006.10.01"]
[Round "?"]
[White "Venturas, Bob"]
[Black "Vorobjev, Jaroslav"]
[Result "0-1"]
[WhiteElo "604"]
[BlackElo "2111"]
[PlyCount "64"]
[EventDate "2006.10.01"]
[EventType "tourn (corr)"]
[EventRounds "6"]
[SourceTitle "Corr 2011"]
[Source "ChessBase"]
[SourceDate "2010.08.31"]
[SourceVersion "1"]
[SourceVersionDate "2010.08.31"]
[SourceQuality "1"]

1. e4 e6 2. d4 d5 3. Qe2 dxe4 4. Qxe4 Nf6 5. Qe3 Nc6 6. Bb5 Qd5 7. Bxc6+ Qxc6 8. Nc3 Qxg2 9. Qf3 Qg6 10. Nge2 Qxc2 11. 0-0 c6 12. Rd1 Be7 13. Rd3 Nd5 14. a3 0-0 15. b3 Qxb3 16. Qg3 Nxc3 17. Nxc3 f5 18. Nd5 Qxd5 19. Bh6 Bf6 20. Rad1 b6 21. Be3 Bb7 22. Qg2 Qxg2+ 23. Kxg2 c5+ 24. Kg1 c4 25. Rc3 b5 26. Rb1 f4 27. Bd2 Bxd4 28. Rcc1 Rf5 29. a4 Rg5+ 30. Kf1 Be4 31. Rxb5 Bd3+ 32. Ke1 Rg1# 0-1

[Event "IECG CB.2005.0.00147 email"]
[Site "IECG email"]
[Date "2005.11.21"]
[Round "?"]
[White "Vorobjev, Jaroslav"]
[Black "Ekaworawong, Prayoon"]
[Result "1-0"]
[WhiteElo "1800"]
[BlackElo "1819"]
[PlyCount "73"]
[EventDate "2005.11.21"]
[EventType "tourn (corr)"]
[EventRounds "6"]
[SourceTitle "Corr 2008"]
[Source "ChessBase"]
[SourceDate "2008.06.24"]
[SourceVersion "1"]
[SourceVersionDate "2008.06.24"]
[SourceQuality "1"]

1. Nf3 Nf6 2. d4 d5 3. c4 c6 4. e3 e6 5. Nc3 Nbd7 6. Qc2 Bd6 7. Be2 0-0 8. 0-0 dxc4 9. Bxc4 b5 10. Bd3 Bb7 11. Bd2 a6 12. Ng5 Bxh2+ 13. Kxh2 Ng4+ 14. Kg3 Qxg5 15. f4 Qe7 16. Kxg4 f5+ 17. Kg3 Rf6 18. Kf2 Rg6 19. Rh1 c5 20. Rag1 c4 21. Be2 Nf6 22. Bf3 Rd8 23. Rh3 Bxf3 24. gxf3 Rxg1 25. Kxg1 Rc8 26. Ne2 Nd5 27. Kf2 b4 28. e4 fxe4 29. fxe4 Nb6 30. Rh5 g6 31. Rg5 a5 32. Kg2 a4 33. Qd1 Kg7 34. Rb5 Qb7 35. d5 Qa6 36. Rxb4 exd5 37. Bc3+ 1-0

[Event "IECG CB.2005.0.00147 email"]
[Site "IECG email"]
[Date "2005.11.21"]
[Round "?"]
[White "Vorobjev, Jaroslav"]
[Black "Jones, Chris"]
[Result "1-0"]
[WhiteElo "1800"]
[BlackElo "1800"]
[PlyCount "113"]
[EventDate "2005.11.21"]
[EventType "tourn (corr)"]
[EventRounds "6"]
[SourceTitle "Corr 2008"]
[Source "ChessBase"]
[SourceDate "2008.06.24"]
[SourceVersion "1"]
[SourceVersionDate "2008.06.24"]
[SourceQuality "1"]

1. Nf3 e6 2. d4 d5 3. c4 Nf6 4. Nc3 Bb4 5. Bg5 Nbd7 6. cxd5 exd5 7. e3 c6 8. Bd3 Qa5 9. Qc2 c5 10. dxc5 Bxc3+ 11. bxc3 h6 12. Bh4 0-0 13. 0-0 Qxc5 14. Rab1 Qd6 15. c4 dxc4 16. Qxc4 Ne5 17. Nxe5 Qxe5 18. Rfd1 Be6 19. Qa4 Nd5 20. Bg3 Nc3 21. Bxe5 Nxa4 22. Be4 Nc5 23. Bf3 Rfd8 24. Bd4 Rac8 25. Bxb7 Nxb7 26. Rxb7 Bxa2 27. Rxa7 Rc2 28. Ra1 Rdc8 29. h3 Rc1+ 30. Rxc1 Rxc1+ 31. Kh2 Be6 32. Kg3 Rc2 33. h4 h5 34. Ra5 g6 35. e4 Rc8 36. Ra6 Kh7 37. Kf4 Rg8 38. Kg5 Rb8 39. f4 Rb5+ 40. Kf6 Rb4 41. Rd6 Rb8 42. f5 gxf5 43. exf5 Bc4 44. g4 hxg4 45. Kg5 Rg8+ 46. Kh5 f6 47. Rxf6 Re8 48. Rh6+ Kg8 49. Rh8+ Kf7 50. Rh7+ Kf8 51. Bc5+ Kg8 52. Kh6 Re4 53. Rg7+ Kh8 54. Rd7 Bb5 55. Rh7+ Kg8 56. Rg7+ Kh8 57. Rf7 1-0

[Event "IECG CB.2005.0.00142 email"]
[Site "IECG email"]
[Date "2005.08.15"]
[Round "1"]
[White "Deidun, Joseph Jr"]
[Black "Vorobjev, Jaroslav"]
[Result "1/2-1/2"]
[WhiteElo "1940"]
[BlackElo "1800"]
[PlyCount "66"]
[EventDate "2005.07.19"]
[EventType "tourn (corr)"]
[EventRounds "6"]
[SourceTitle "Corr 2008"]
[Source "ChessBase"]
[SourceDate "2008.06.24"]
[SourceVersion "1"]
[SourceVersionDate "2008.06.24"]
[SourceQuality "1"]

1. d4 Nf6 2. c4 e6 3. Nf3 b6 4. Nc3 Bb7 5. e3 d5 6. cxd5 exd5 7. Bb5+ c6 8. Bd3 Be7 9. 0-0 0-0 10. e4 dxe4 11. Nxe4 Nxe4 12. Bxe4 Nd7 13. Qc2 Nf6 14. Bf5 Re8 15. Re1 g6 16. Bd3 Nd5 17. a3 a5 18. Bh6 Qd6 19. Re2 Bf8 20. Bxf8 Qxf8 21. Rae1 Rxe2 22. Bxe2 Re8 23. Bc4 Rxe1+ 24. Nxe1 Qe7 25. Nf3 Qe6 26. Qb3 Kg7 27. h3 Qd6 28. Bxd5 cxd5 29. Nh2 Ba6 30. Ng4 Qe6 31. Qc3 h5 32. Ne3 Qe4 33. a4 h4 1/2-1/2

[Event "IECG CB.2005.0.00142 email"]
[Site "IECG email"]
[Date "2005.08.15"]
[Round "1"]
[White "Vorobjev, Jaroslav"]
[Black "Milde, Lars"]
[Result "1/2-1/2"]
[WhiteElo "1800"]
[BlackElo "1816"]
[PlyCount "52"]
[EventDate "2005.07.19"]
[EventType "tourn (corr)"]
[EventRounds "6"]
[SourceTitle "Corr 2008"]
[Source "ChessBase"]
[SourceDate "2008.06.24"]
[SourceVersion "1"]
[SourceVersionDate "2008.06.24"]
[SourceQuality "1"]

1. Nf3 d5 2. c4 e6 3. g3 Nf6 4. Bg2 Be7 5. 0-0 0-0 6. b3 b6 7. Bb2 Bb7 8. e3 dxc4 9. bxc4 Nc6 10. d4 Na5 11. Nbd2 c5 12. dxc5 Bxc5 13. Qc2 h6 14. Rad1 Qe7 15. Nb3 Nxb3 16. axb3 Rfd8 17. Rxd8+ Rxd8 18. Rd1 a6 19. Ne5 Bxg2 20. Rxd8+ Qxd8 21. Kxg2 Qc7 22. Qd1 Bd6 23. Nd3 Ne4 24. Qg4 f5 25. Qg6 Qf7 26. Qxf7+ Kxf7 1/2-1/2

[Event "IECG CB.2005.0.00139 email"]
[Site "IECG email"]
[Date "2005.06.26"]
[Round "?"]
[White "Aalderink, Gerwin"]
[Black "Vorobjev, Jaroslav"]
[Result "0-1"]
[WhiteElo "1998"]
[BlackElo "1800"]
[PlyCount "27"]
[EventDate "2005.06.26"]
[EventType "tourn (corr)"]
[EventRounds "6"]
[SourceTitle "Corr 2024"]
[Source "ChessBase"]
[SourceDate "2023.10.19"]
[SourceVersion "1"]
[SourceVersionDate "2023.10.19"]
[SourceQuality "1"]

1. Nf3 d5 2. b3 c5 3. Bb2 f6 4. e3 e5 5. d4 exd4 6. e4 f5 7. c4 Nf6 8. Nc3 Be6 9. cxd5 Nxd5 10. Bc4 g6 11. 0-0 Bg7 12. Qxd4 fxe4 13. g4 b6 14. Rad1 0-1

[Event "IECG CB.2005.0.00139 email"]
[Site "IECG email"]
[Date "2005.06.26"]
[Round "1"]
[White "Vorobjev, Jaroslav"]
[Black "Starace, Umberto"]
[Result "1/2-1/2"]
[WhiteElo "1800"]
[BlackElo "1941"]
[PlyCount "48"]
[EventDate "2005.06.26"]
[EventType "tourn (corr)"]
[EventRounds "6"]
[SourceTitle "Corr 2008"]
[Source "ChessBase"]
[SourceDate "2008.06.24"]
[SourceVersion "1"]
[SourceVersionDate "2008.06.24"]
[SourceQuality "1"]

1. d4 Nf6 2. c4 e6 3. Nf3 d5 4. Nc3 Be7 5. Bg5 0-0 6. e3 Nbd7 7. Rc1 c6 8. Bd3 dxc4 9. Bxc4 Nd5 10. Bxe7 Qxe7 11. 0-0 Nxc3 12. Rxc3 e5 13. dxe5 Nxe5 14. Nxe5 Qxe5 15. f4 Qe4 16. Qe2 Rd8 17. Bd3 Bg4 18. Qd2 Qe6 19. Qf2 Qf6 20. e4 Rd4 21. Qg3 Rad8 22. f5 Qd6 23. e5 Qd5 24. f6 Rxd3 1/2-1/2